000 00403nam a2200121Ia 4500
008 220620s9999||||xx |||||||||||||| ||und||
245 0 _aChange and the Persistence of Tradition in India
_bFive Lectures
546 _aEnglish[eng]
650 _aSociology and anthropology
700 _aPark, Richard L.
856 _uhttps://library.oapen.org/bitstream/20.500.12657/41863/1/9780472902262.pdf
942 _cEB
999 _c22686
_d22686